The Unique Mountains / (Record no. 183775)

000 -LEADER
fixed length control field 00730 a2200181 4500
003 - CONTROL NUMBER IDENTIFIER
control field Nust
005 - DATE AND TIME OF LATEST TRANSACTION
control field 20230717094019.0
020 ## - INTERNATIONAL STANDARD BOOK NUMBER
International Standard Book Number 9698112
040 ## - CATALOGING SOURCE
Transcribing agency Nust
082 ## - DEWEY DECIMAL CLASSIFICATION NUMBER
Classification number 551.432,AWA
100 ## - MAIN ENTRY--PERSONAL NAME
Personal name Awan ,Naseer Ullah
9 (RLIN) 113672
245 ## - TITLE STATEMENT
Title The Unique Mountains /
Statement of responsibility, etc. Naseer Ullah Awan
260 ## - PUBLICATION, DISTRIBUTION, ETC.
Place of publication, distribution, etc. Rawalpindi
Name of publisher, distributor, etc. Alpine club of pakistan
Date of publication, distribution, etc. 1990
300 ## - PHYSICAL DESCRIPTION
Extent 269:p
505 ## - FORMATTED CONTENTS NOTE
Formatted contents note The Himalayas (Nanga Parbat/Diamir), The Hindukush Mountains (Page-16), Detailed Information and Sketch Maps of Peaks Situa Ted in Hindukush Range (Page-44), Karakoram Mountain (Page-112), Detailed Information and Sketch Maps of Peaks Situa-Ted in Karakoram Range (Page-172).
650 ## - SUBJECT ADDED ENTRY--TOPICAL TERM
Topical term or geographic name entry element Unique Mountains
9 (RLIN) 113673
942 ## - ADDED ENTRY ELEMENTS (KOHA)
Source of classification or shelving scheme
Koha item type Book
Call number prefix 551.432,AWA
Holdings
Withdrawn status Lost status Source of classification or shelving scheme Damaged status Not for loan Permanent Location Current Location Shelving location Date acquired Full call number Barcode Date last seen Price effective from Koha item type Public note
          Military College of Signals (MCS) Military College of Signals (MCS) General Stacks 12/12/2016 551.432,AWA MCS21436 12/08/2016 12/12/2016 Book Almirah No.77, Shelf No.5
© 2023 Central Library, National University of Sciences and Technology. All Rights Reserved.